000 00585nam a2200205Ia 4500
005 20250508150239.0
008 008 250505s9999 xx 000 0 eng d
037 _aTextual
040 _aFEDL
_beng
_cFEDL
041 _aeng
_2eng
084 _a150.172, VAL
_qFEDL
100 _aValentine Willard L
245 0 _aExperimental foundations of general psychology
260 _aNew York, USA
_bRinehart and Company
_c1941
300 _axvi,432p.
365 _aINR
_b12
650 _aPsychometry
_9441581
942 _cTEXL
_h150.172, VAL
999 _c1322621
_d1322621